| 000 | 00507nam a2200181Ia 4500 | ||
|---|---|---|---|
| 003 | LK-CoDNM | ||
| 008 | 010623t1995 xxu||||| |||| 00| 1 sin d | ||
| 040 |
_aLK-CoDNM _dLK-CoDNM _eLK-CoDNM |
||
| 041 | _asin | ||
| 080 | _a294.3RAT | ||
| 100 |
_aRathanajothi himi,Kalugala _eed. |
||
| 245 | _aසූවිසි ප්රත්ය විස්තර දේශනා | ||
| 246 | _aSuvise Prathya Wistara Desana | ||
| 260 |
_b _c1995 |
||
| 300 | _b98p, 21 cm | ||
| 650 | _aBuddhism | ||
| 942 | _cBK | ||
| 999 |
_c117420 _d117420 |
||